000 01068cam a2200265 a 4500
005 20230818094654.0
008 080717s2008 nyuaf 001 0 eng
010 _a 2008031692
020 _a9780071545709 (alk. paper)
020 _a0071545700 (alk. paper)
035 _a(OCoLC)ocn234257261
035 _a(OCoLC)234257261
040 _aDLC
_cDLC
_dC#P
_dBAKER
_dBWX
_dYDXCP
_dCDX
_dIXA
_dVP@
_dJP3
_dDLC
082 0 0 _a006.686
_222
_bBOU-C
100 1 _aBouton, Gary David,
_d1953-
245 1 0 _aCorelDRAW X4 :
_bthe official guide /
_cGary David Bouton.
260 _aNew York :
_bMcGraw-Hill,
_cc2008.
300 _axxxii, 892 p., [8] p. of plates :
_bill. (some col.) ;
_c24 cm.
500 _aIncludes index.
650 0 _aComputer graphics.
856 4 1 _3Table of contents only
_uhttp://www.loc.gov/catdir/toc/ecip0823/2008031692.html
906 _a7
_bcbc
_corignew
_d1
_eecip
_f20
_gy-gencatlg
999 _c33266
_d33266